[Event "Corus"]
[Site "Wijk aan Zee"]
[Date "2004.01.25"]
[Round "13"]
[White "Bareev, Evgeny"]
[Black "Akopian, Vladimir Eduardovic"]
[Result "1-0"]
[WhiteElo "2714"]
[BlackElo "2693"]
[Annotator "Golod,V"]
[PlyCount "109"]
[EventDate "2004.01.10"]
[EventType "tourn"]
[EventRounds "13"]
[EventCountry "NED"]
[EventCategory "19"]
[SourceTitle "CBM 099"]
[Source "ChessBase"]
[SourceDate "2004.03.30"]
[SourceVersion "1"]
[SourceVersionDate "2004.03.30"]
[SourceQuality "1"]

1. d4 Nf6 2. c4 e6 3. Nc3 Bb4 4. Qc2 c5 5. dxc5 Qc7 6. Nf3 Bxc5 7. g3 Qb6 8. e3
Be7 9. g4 $5 $146 {[%csl Yg4][%cal Yg3g4,Yg2g3] The next interesting novelty
of Evgeny Bareev in theory of Nimzo Indian.One more move by the pawn "g",but
Black,already too,have made some moves by the queen and bishop. Comments to
this part of the game(5-8 moves) and also:} (9. b3 {You can find in
annotations to game: Alterman,B-Yudasin,L/ISR,2000/CBM 77(0-1)(Golod,V)(40)}) (
9. Bg2 $5 {You can see my annotations to game: Lafuente,P-Bruzon Bautista,L/
Buenos Aires,2003/CBM 97(1-0)(49)}) 9... d6 ({I can not recommended in this
position:} 9... Nxg4 $6 10. Rg1 {[%csl Rg4,Rg7]}) (9... Nc6 10. Rg1 {[%cal
Gg4g5]} Nb4 ({after:} 10... d6 {with rearrangement of moves we receive a
position from a game.}) 11. Qd1 {[%csl Rb4,Rf6][%cal Ga2a3,Gg4g5]}) 10. Rg1 $5
{White do not hasten to begin active actions, they continue to grasp a space.}
(10. g5 $143 Nfd7 11. Bd2 Nc6 12. O-O-O Nc5 $13) 10... Nc6 11. a3 {[%csl Ya3]
[%cal Ya3b4]} Nd7 12. b4 {The next capture of space.} Nde5 13. Nd2 {() From my
point of view,White correctly evade from exchanges of pieces.} Bh4 $5 {[%csl
Gb6,Re1,Gh4][%cal Gb6e3] Black prevent a progress "g5".} ({Also it deserves
attention:} 13... O-O 14. Bb2 Bd7 {[%csl Rc2][%cal Ga8c8]}) 14. Qe4 {[%csl Ye4,
Rh4][%cal Gg4g5]} Qd8 {[%csl Yd8,Yh4][%cal Yd8g5,Yh4g5]} ({Leads to more
interesting game:} 14... Nxg4 $5 15. Nd5 (15. Rxg4 $6 f5 {[%csl Re4,Rg4]} 16.
Qxc6+ bxc6 17. Rxh4 $15) (15. Qxg4 $6 Qxe3+ {[%csl Ra1,Rc3,Re1,Rf2][%cal Ge3c3,
Gc3a1,Gh4f2]} 16. Ne2 Bxf2+ 17. Kd1 Bxg1 18. Qxg7 (18. Nxg1 $143 O-O $17) 18...
Qd4 $1 19. Nxd4 $140 Bxd4 {[%csl Ra1,Rg7]} 20. Qh6 Bxa1 21. Ne4 $15) 15...
Bxf2+ (15... Qd8 $5 16. Qxg4 (16. Rxg4 $2 f5 {[%csl Rd5,Re4,Rg4]}) 16... exd5
17. Qxg7 Bf6 $1 {[%csl Ra1,Rg7]} (17... Qf6 $6 18. Qxf6 Bxf6 19. Rb1 $14 {
[%csl Rf6,Rh8][%cal Gc1b2,Gc4d5]}) 18. Qxh8+ $8 Bxh8 19. Rg8+ Ke7 20. Rxd8 Nxd8
21. Ra2 $11) 16. Ke2 Qd8 17. Qxg4 {[%csl Rf2][%cal Gg4g7]} Bxg1 18. Qxg7 exd5 (
18... Rf8 $2 19. Nf6+ Ke7 20. Nf3 {[%csl Rg1]}) (18... Kd7 $4 19. Qxf7+ Ne7 20.
Bh3 $18 {[%csl Re6,Re7]}) 19. Qxh8+ Ke7 20. Qxh7 Bg4+ 21. Ke1 Qh8 $1 22. Qxh8
Rxh8 23. h3 $11) 15. Bb2 O-O 16. g5 $5 {[%mdl 512] With help of this sacrifice
White remove a bishop of the contender with /^ e1-h4 and also open <->g. I am
not sure that it is an absolutely correct sacrifice.} ({Leads to quieter game:
} 16. Be2 {and so on.}) 16... Bxg5 ({Pretty dubiously:} 16... Ng6 {in view of:}
17. Nf3 f5 $140 18. gxf6 Qxf6 (18... Bxf6 $142 19. O-O-O $40 {[%csl Rg8]}) {
[%tqu "En","Find the best continuation for White?","","","g1g6","",10]} 19.
Rxg6 $1 hxg6 (19... Qxf3 $2 20. Rxg7+ Kxg7 21. Qxh4 $16 {[%csl Gb2,Rg7]}) 20.
Qxh4 Qxf3 21. Ne4 d5 22. Ng5 Qh5 23. Qg3 {[%csl Rh5][%cal Gf1e2] +/=/+/-}) 17.
Qg2 {[%csl Gg1,Gg2,Rg5,Rg7]} Bh6 (17... Bf6 $6 18. Nde4 $36 {[%csl Rf6]}) 18.
O-O-O $44 {[%csl Yc1,Rg8] White have withdrawn the king from the centre and
now can begin a attack on the king of the contender.} d5 $5 {This move is the
"harbinger" of active actions in this game.} (18... f5 $5 {[%cal Gf5f4]} 19.
Qh3 (19. f4 $6 Ng4 20. Qh3 {[%csl Rg8][%cal Gf1e2]} Ne7 21. Be2 e5 $15) 19...
Kh8 20. Kb1 f4 21. Nde4 $44) 19. f4 {Evgeny Bareev had a rather uneasy choice
between it and another continuation:} (19. cxd5 $5 exd5 20. Nxd5 (20. Qxd5 Be6
$11) 20... Bg4 {[%csl Rc1][%cal Ga8c8]} 21. b5 Rc8 (21... Bxd1 $2 22. bxc6 {
[%csl Rd1,Re5]} bxc6 23. Bxe5 Qxd5 24. Qxd5 cxd5 25. Kxd1 $18) 22. bxc6 Rxc6+
23. Kb1 Bxd1 (23... Rg6 $143 24. Bxe5 Bxd1 (24... Bf5+ $2 25. Ka1 Rxg2 26. Bxg2
$16) 25. Bg3 $14) 24. Bxe5 Bc2+ 25. Ka1 Bg6 $13 {[%csl Ra1]}) 19... Ng6 ({
Is more interesting alternative:} 19... d4 $5 20. Nb3 $140 {[%csl Rd4,Re5]} (
20. exd4 $6 Ng6 {[%csl Rf4]} 21. Ne2 Nce7 {[%csl Ye7][%cal Ye7f5]}) 20... dxc3
21. Rxd8 (21. Bxc3 $4 Qe7 $19 {[%csl Rc1,Re3,Rg1,Gh6]}) 21... cxb2+ 22. Kxb2
Rxd8 23. fxe5 g6 $1 $13 {[%csl Re5][%cal Gh6g7]}) 20. cxd5 exd5 21. Nxd5 Nce7 (
21... Be6 $143 22. Ne4 {[%csl Gd1,Gd5,Rd8,Ge4,Rg8][%cal Ge4c5,Gd5f6]} Bxd5 23.
Rxd5 Qe7 (23... Qxd5 $4 24. Nf6+ gxf6 25. Qxd5 $18) 24. Kb1 $14) 22. Nc4 {
[%csl Gd1,Rd8,Rg8][%cal Gd5f6]} Nxd5 23. Rxd5 Qe8 $2 ({Can be recommended:} 
23... Qh4 $5 24. Rd4 {[%csl Gd4,Rg6,Rh4][%cal Gf4f5]} (24. Bd3 Be6 25. Rd4 {
[%csl Rh4][%cal Gf4f5]} Rad8 $13) 24... Rd8 25. Bd3 Rxd4 26. Bxd4 Be6 $11) ({or
} 23... Qc7 $5 24. Kb1 Be6 25. Rc5 Qd7 $13) 24. f5 $1 {[%csl Rg6,Rg7][%cal
Gf5g6] White have calculated precisely all consequences of this move.} Bxf5 $8
(24... Bxe3+ $2 25. Nxe3 Qxe3+ 26. Kb1 $18 {[%csl Rg6,Rg7]}) 25. Rxf5 b5 {
[%csl Yc4,Re3][%cal Gb5c4,Yc4e3]} 26. Kb1 (26. Nd2 $6 Bxe3 $13 {[%csl Rc1,Rd2,
Rg1][%cal Ga8d8]}) 26... bxc4 27. Bxc4 {[%csl Yb2,Gc4]} Rc8 (27... Qxe3 $2 {
is refuted by:} 28. Rxf7 $18 {[%csl Ra8][%cal Gg2a8]}) (27... a5 $5) 28. Qg4
Qxe3 (28... Bxe3 $143 29. Rgf1 {[%csl Yb2,Gc4,Gf1,Gf5][%cal Yb2g7,Gc4f7,Gh2h4,
Gh4h5] with strong pressure.}) 29. Rgf1 {[%csl Rf7]} Rc7 30. h4 $1 {White
enter in game the last trump.} Re7 31. h5 Nh8 $8 {[%csl Rh8][%cal Yh8f7] It's
obvious not the "best parking" to the Black's knight.} ({Unexpectedly at once
loses a game:} 31... Ne5 {because of:} 32. Bxe5 Rxe5 33. Rxf7 $18 {[%csl Rg8]}
Rxf7 $140 34. Qc8+ Re8 35. Bxf7+ Kf8 36. Bxe8+) 32. Bc1 $1 $14 {[%csl Re3,Rg8,
Rh6]} Qe4+ $2 ({It was necessary:} 32... Re4 $1 33. Qg2 Qd4 34. Bxh6 Rg4 $8 35.
Qe2 Qxc4 (35... gxh6 $2 36. Bxf7+ $1 Nxf7 37. Rxf7 {[%csl Rg8][%cal Ge2e8]})
36. Qxc4 Rxc4 37. Rg1 Ng6 $8 38. Be3 (38. hxg6 $2 hxg6 {[%csl Rf5,Rh6]} 39. Rf4
Rc7 40. Bg5 f6 41. Bh4 g5 42. Bxg5 fxg5 43. Rxf8+ Kxf8 44. Rxg5 $11) 38... Ne7
39. Rfg5 g6 40. Bxa7 {[%cal Ga7c5]} Ra8 41. Bc5 $14 {[%cal Yb1b2,Yb2b3]}) 33.
Qxe4 Rxe4 34. Bd5 {[%csl Rg8][%cal Gc1h6,Gf1g1] The important intermediate
move.} Rg4 {<->g} (34... Bxc1 35. Bxe4 Bxa3 36. Rb5 $16) 35. Bxh6 gxh6 {
[%csl Rh8]} 36. Kb2 $16 Kg7 37. Kb3 Rg5 38. Ka4 {[%csl Ra7] The White's king
is directed behind Pa7.} Rd8 39. Bc4 (39. Bb3 $142) 39... Rd4 40. Bb3 Rh4 41.
Ra5 $1 {[%csl Ra7]} Rxa5+ (41... Rhxh5 42. Rxa7 {[%csl Rf7]} Rf5 43. Rxf5 Rxf5
44. b5 $18) 42. Kxa5 Rxh5+ 43. Ka6 Rh3 44. Rb1 Ng6 45. Kxa7 $18 {[%csl Ga3,Gb4]
The White's king has executed the purpose.Now it's impossible to stop a pair
of the White's pawns.The rest is just a matter of technique.} Ne5 (45... f5 46.
b5 Ne7 47. a4 f4 48. b6 Nc6+ 49. Ka6 $18 {[%cal Gb6b7]}) 46. b5 Rd3 47. b6 Nc6+
48. Ka6 {/\b7,Kb6} h5 49. b7 h4 50. Kb6 Nb8 51. a4 Rd4 (51... h3 52. Bc4 Rg3
53. Bb5 {[%csl Yb5,Rb8][%cal Yb5a6,Yb5e8,Gb6a7,Gb6c7]} h2 54. Rh1 $18) 52. Kc5
Rg4 53. Bc4 {[%cal Yc4b5,Gc5b6,Gb6c7]} Nd7+ 54. Kd6 Nb8 55. Bb5 {[%csl Rb8]
[%cal Gd6c7]} 1-0

[Event "RUS-ch 53rd"]
[Site "Samara"]
[Date "2000.06.21"]
[Round "5"]
[White "Shariyazdanov, Andrey"]
[Black "Khlian, Eduard"]
[Result "1-0"]
[WhiteElo "2612"]
[BlackElo "2454"]
[Annotator "Golod,V"]
[PlyCount "45"]
[EventDate "2000.06.03"]
[EventType "swiss"]
[EventRounds "11"]
[EventCountry "RUS"]
[SourceTitle "CBM 078"]
[Source "ChessBase"]
[SourceDate "2000.10.18"]
[SourceVersion "1"]
[SourceVersionDate "2000.10.18"]
[SourceQuality "1"]

1. d4 Nf6 2. c4 e6 3. Nc3 Bb4 4. Qc2 c5 5. dxc5 Bxc5 6. Nf3 $5 {It's main line,
another alternative is:} (6. Bf4 $5 {See comments to Ionov,S-Yemelin,V/City-ch
,2000/CBM 77(1-0)(Golod,V)(66)}) 6... b6 {[%mdl 4] Besides,black has five
options:} (6... Nc6 $5 {It's main line.See comments to Dao Thien Hai-Liang
Shuai/Qingdao,1999/CBM 74 (1-0)(Golod,V)(32)}) (6... Qb6 $5 {After this move
impossibly 7.Bg5;7.Bf4. You can see comments to Kiriakov,P-Tiviakov,S/Port
Erin,1999/CBM 74 (1-0)(Golod,V)(34) 6...0-0!?;6...d5!?; and 6...a6!?}) 7. Bg5
$5 {Other possibilities are:} (7. Bf4 $5) ({and} 7. g3 $5) 7... Be7 $6 ({
Repeatedly was checked in the previous games:} 7... Bb7 $5) ({It deserves
attention:} 7... h6 $5) ({Slightly dubious:} 7... a6 8. e3 (8. e4 $143 Qc7 9.
a3 Nc6 10. b4 Nd4 11. Qd2 Nxf3+ (11... Nb3 $6 12. Qd1) 12. gxf3 Be7 13. Be3 d6
$11 {Mikenas,V-Noteboom,D/Brno,1931(1-0)(51)}) 8... Bb7 9. O-O-O $5 Be7 10. Rd2
d6 (10... b5 $5 $132) 11. Be2 Qc7 12. Rhd1 Nc6 $2 (12... Nbd7 $142) 13. Bxf6
gxf6 14. Nd5 $1 exd5 15. cxd5 Qd7 16. dxc6 Bxc6 17. Kb1 $16 {Euwe,M-Noteboom,D/
Amsterdam,1931(1-0) (25) Is the first game in this variation!}) 8. e4 {[%cal
Ge4e5] Undoubtedly,this move better,than:} (8. e3 Bb7 9. Be2 Nc6 10. O-O a6 (
10... h6 $5) 11. Rad1 Qc7 12. Rd2 {+/=/= Issakainen,A-Puuska,H/Vantaa,1999 
(1-0)(22)}) 8... O-O $6 {Again inaccuracy.} ({Very badly:} 8... d6 {in view of:
} 9. e5 $1 {[%csl Ra8,Gc2,Yf6] An strong move which was mentioned by Fritz 6.}
({much worse is:} 9. Be2 Nbd7 10. O-O Bb7 11. Rad1 Qc7 12. Nd4 a6 $11 {Zitin,
Y-Shaposhnikov,E/Szeged,1994(1/2-1/2) (73)}) (9. O-O-O $5 O-O $6 (9... Qc7 $5)
10. e5 $16 {Fedorovsky,M-Kazakov,P/Decin,1997(1-0) (41)}) ({and} 9. Rd1 $5 Qc7
10. Nb5 Qc6 11. Nfd4 Qb7 12. Bxf6 gxf6 13. Ne2 $1 $16 {[%csl Rd6] Budnikov,
O-Ivanov,A/Kharkov,2000(1-0) (22)}) 9... Nfd7 (9... dxe5 $143 10. Bxf6 gxf6 11.
Qe4 Qc7 12. Qxa8 Nc6 13. Rd1 {[%cal Gc3b5]} a6 14. c5 $18) (9... Nh5 10. Nb5 $1
{[%cal Gb5d6]} Bxg5 11. Nxd6+ Kf8 12. Qe4 $18) 10. exd6 Bxg5 11. Qe4 {[%csl
Ra8]} Nc6 (11... Nc5 12. Qxa8 Bb7 13. Qxa7 Nc6 14. Qa3 $18) 12. Qxc6 Rb8 13.
Nxg5 Qxg5 14. Qb5 {+/-/+-}) ({Can be recommended:} 8... h6 $5) ({or} 8... Bb7
$5) 9. e5 Ne8 10. Bxe7 $5 ({Must probably,also leads to better position of
white:} 10. Qe4 $5 Bxg5 $2 (10... Nc6 11. Bd3 g6 12. Bh6 Ng7 $14) 11. Nxg5 {
[%csl Ra8,Rg8][%cal Ge4a8,Ge4h7]} (11. Qxa8 $2 Nc6 {[%csl Ra8][%cal Ge8c7]} 12.
Rd1 Nc7 13. Qxc6 dxc6 14. Rxd8 Bxd8 $11) 11... f5 $2 (11... Qxg5 $142 12. Qxa8
(12. f4 $2 {[%csl Yf4][%cal Yf4e5]} Qd8 13. Qxa8 Nc6 {[%csl Ra8][%cal Ge8c7]}
14. Rd1 $8 (14. Nb5 $2 Nc7 15. Nxc7 Qxc7 16. Bd3 Rd8 $19 {[%csl Ra8][%cal
Gc8b7]} (16... Bb7 $4 17. Bxh7+)) 14... Nc7 $140 15. Qxc6 dxc6 16. Rxd8 Rxd8
$11) 12... Qxe5+ 13. Qe4 Qxe4+ 14. Nxe4 Bb7 15. Nc3 {+/=/+/-}) 12. Qxa8 Nc6 13.
Nxe6 $1 $18 {Soppe,G-Valiente,C/Cordoba,1998(1-0)(19)}) 10... Qxe7 11. Bd3 $14
f5 12. exf6 $146 {This move was not played in the next game:} (12. O-O $143 Bb7
13. Qe2 Na6 14. Rad1 Rc8 15. Nb5 Nc5 16. Bb1 $14 {Holowach,W-Ayala,C/Buenos
Aires,1939 (1-0)(40)}) 12... gxf6 $6 ({More logically:} 12... Nxf6 13. Ng5 g6 (
13... h6 14. Nh7 Rd8 (14... Nxh7 15. Bxh7+ Kh8 16. Be4 $14) 15. Nxf6+ Qxf6 16.
Rd1 $36) 14. O-O Nc6 $14) 13. Be4 Nc6 $8 14. O-O-O Rf7 ({Dubious:} 14... Ba6 {
because of:} 15. Qa4 Bb7 16. Nd4 Rc8 17. Rhe1 {with strong pressure to black's
camp.} Nd6 $140 $6 18. Bxc6 Bxc6 19. Qxa7 $16) 15. Nd4 {><c6;/^a8-h1} Nxd4 ({
Is a possibe continuation of the play:} 15... Bb7 16. Bxc6 Bxc6 (16... dxc6
$143 17. Rhe1 $16) 17. Nxc6 dxc6 18. Qe4 Rc8 19. Rhe1 Ng7 20. f4 {+/=/+/-}) 16.
Rxd4 Rb8 17. Rhd1 {<->d;קd7.} a6 ({It deserves attention:} 17... f5 $5 18. Bf3
a6 {+/=/+/-}) 18. Qd3 e5 $2 {[%mdl 8192] After this tactical blunder white has
a forced way to big advantage.} (18... d6 $5) (18... Kh8 $5) 19. Bd5 {[%csl
Rb8,Rg8]} Kf8 $6 ({It is necessary:} 19... exd4 20. Qg3+ (20. Bxf7+ $2 Kxf7 21.
Qxh7+ Ng7 22. Rxd4 f5 $17) 20... Kf8 21. Qxb8 dxc3 22. Bxf7 cxb2+ 23. Kxb2 Qb4+
24. Kc2 Qa4+ 25. Kd2 Qxa2+ 26. Ke1 {+/-/+-}) ({Also loses right away:} 19...
Kh8 20. Bxf7 exd4 21. Qg3 $18 {[%csl Rh8][%cal Gg3g8,Gg3b8]}) 20. Bxf7 exd4 21.
Qg3 $1 {[%csl Rf8][%cal Gg3g8,Gg3b8]} Qxf7 $2 ({More stubborn resistance after:
} 21... Kxf7 22. Qxb8 dxc3 (22... Qc5 $143 23. Nd5 Qxc4+ 24. Kb1 $18 {[%csl
Rc8]}) 23. Qxc8 cxb2+ 24. Kxb2 (24. Kb1 $2 Nd6 $44 {[%csl Ge7][%cal Gd6e4,
Ge4c3,Gd6c4]}) 24... Qb4+ (24... Qe2+ $143 25. Kc1 $18) 25. Kc2 Qa4+ 26. Kd2
Nd6 27. Qc7 Nxc4+ 28. Ke1 {+/-/+-}) 22. Qxb8 $18 Qxc4 (22... dxc3 $144 23. Qxc8
cxb2+ 24. Kxb2) 23. Qf4 {Black's game was performed very weak.} 1-0

[Event "Gurgaon op 2nd"]
[Site "Gurgaon"]
[Date "2014.01.05"]
[Round "7"]
[White "Grover, Sahaj"]
[Black "Kravtsiv, Martyn"]
[Result "1/2-1/2"]
[WhiteElo "2478"]
[BlackElo "2628"]
[Annotator "Grover,S"]
[PlyCount "67"]
[EventDate "2014.01.01"]
[EventType "swiss"]
[EventRounds "10"]
[EventCountry "IND"]
[SourceTitle "CBM 158"]
[Source "ChessBase"]
[SourceDate "2014.01.16"]
[SourceVersion "1"]
[SourceVersionDate "2014.01.16"]
[SourceQuality "1"]

1. d4 Nf6 2. c4 e6 3. Nc3 Bb4 4. Qc2 {Not my favourite move but after Anand
lost to Carlsen with 4. f3 after attaining almost everything, I could not
force myself to go for my pet system against the top seed in the tournament.}
O-O 5. Nf3 d5 6. e3 c5 7. a3 Bxc3+ 8. bxc3 b6 {I was out of my preparation
here. I considered everything except this natural move in this position.} 9.
cxd5 (9. Bd3 Ba6 10. cxd5 {is another option that I was thinking during the
game.}) 9... exd5 10. c4 {While preparing for the game I had been looking at
option with c4 in similar situations and decided to go for the same. However.
b6 makes a huge difference here. Black is just fine.} Nbd7 11. Bb2 Bb7 12. dxc5
Rc8 $5 {Martyn plays the most interesting continuation. White is
under-developed and it makes sense for Black to simply develop.} 13. c6 {
I could not think of anything better to complicate without realising that my
position might be worse already} Bxc6 14. cxd5 Bxd5 15. Qd2 Qe7 {Not the most
precise. 15... Nc5 would have been better for Black.} 16. Be2 Nc5 (16... Rfd8
17. O-O Nc5 18. Qb4) 17. Qb4 {The only move.} Be4 18. O-O {I don't exactly
remember but I am sure I sighed here. At least White is out of all danger of
checkmate.} Rfd8 19. Rad1 {Wrong rook coming to the party. It was a difficult
decision and I went wrong. Rfd1 was the better option.} Nd5 20. Qd4 f6 21. Nd2
Bc2 $2 (21... Bg6 {was better and keeps the pressure but the text is too
tempting.}) 22. Bc4 {My star trick, or was it?} Ne6 23. Bxd5 {I thought I was
winning. White has an extra piece!} Kh8 24. Bxe6 Qxe6 25. Qb4 a5 26. Qb5 Rd5 $2
(26... Bxd1 27. Rxd1 Rc2 28. Bd4 Rxd4 29. exd4 Rxd2 {would have been a nice
draw!}) 27. Qe2 $2 (27. Qa6 {would have made life difficult for Black and I
missed it in no time.} Bd3 28. Qb7 Bxf1 29. Kxf1 Re8 30. h3 h6 31. Qc7) 27...
Rcd8 {Let's face facts. White remains a piece up but what can he do?} 28. h3
Rd3 29. Rfe1 h6 {An extra piece with so many pieces is sometimes of no value.
In one of my earlier games in the same tournament against Abhilash Reddy I got
something similar. DOMINATION.} 30. Kf1 Qf5 31. Kg1 Qe6 32. Kf1 Qf5 (32... Rxa3
{he could have pushed for more may be.} 33. Bxa3 Bd3 {White might just hold
the fort.}) 33. Kg1 Qe6 34. Kf1 {I came up with my best move in this game - a
draw offer. Thankfully he accepted.} 1/2-1/2

[Event "Bonn GSK"]
[Site "Bonn"]
[Date "1996.??.??"]
[Round "?"]
[White "Ruzele, Darius"]
[Black "Gurevich, Mikhail"]
[Result "1/2-1/2"]
[WhiteElo "2520"]
[BlackElo "2605"]
[Annotator "Gurevich,M"]
[PlyCount "112"]
[EventDate "1996.08.??"]
[EventType "tourn"]
[EventRounds "12"]
[EventCountry "GER"]
[EventCategory "12"]
[SourceTitle "CBM 056"]
[Source "ChessBase"]
[SourceDate "1997.02.01"]
[SourceVersion "1"]
[SourceVersionDate "1997.02.01"]
[SourceQuality "1"]

1. d4 {Kanstler,B} Nf6 2. c4 e6 3. Nc3 Bb4 4. Qc2 c5 5. dxc5 Bxc5 6. Nf3 Qb6 7.
e3 Qc7 8. b3 a6 9. Bb2 b6 (9... Be7 {Kanstler,B} 10. g4 $1 $16) (9... Nc6 {
Kanstler,B} 10. Be2 b6 11. O-O Bb7 12. Rad1 Rc8 13. Ng5 Nb4 14. Qb1 Be7 15. Rd2
$14 {Dreev,A-Romanishin,O USSR (zt) 1990 1:0 44}) 10. Bd3 (10. Nd4 {Kanstler,B}
Bb7 11. Be2 Nc6 12. Nxc6 Bxc6 13. Bf3 O-O 14. O-O Bxf3 15. gxf3 Qc6 16. Ne4
Nxe4 17. Qxe4 Rad8 18. Rfd1 Qxe4 19. fxe4 f5 $10 {Petursson,M-Tiviakov,S
Moscow (GMA) 1989 1/2-1/2 61}) 10... Be7 11. Ne4 Bb7 (11... Nc6 {Kanstler,B}
12. a3 Bb7 13. O-O Nxe4 14. Bxe4 f5 15. Bd3 O-O 16. e4 g6 17. Rfe1 $14 {
Ruzele,D-Arbakov,V Vurrzburg 1996 67/620 1:0 44}) 12. O-O (12. Nxf6+ {Kanstler,
B} Bxf6 13. Bxf6 gxf6 $13) 12... d6 13. Nxf6+ Bxf6 (13... gxf6 14. Nd4 Nd7 15.
e4 Rg8 16. f3 Qc5 17. Qd2 Qh5 $132 {0-1 Sokolov,Ivan-Portisch,Lajos/Olympiad,
XII, Moscow (Russia) (11) 1994 (33)}) 14. Nd2 {TN} (14. Bxf6 gxf6 15. Be4 d5
16. Bd3 dxc4 17. Bxc4 Nd7 18. Rac1 Rc8 19. Qb2 Qb8 20. Be2 O-O 21. Qd4 $14 {
Yakovich-Gurevich,M/Moskva op/1992}) 14... Nd7 15. Rac1 Bxb2 16. Qxb2 Nf6 (
16... Ne5 $5 17. Be2 (17. Be4 Bxe4 (17... O-O 18. Bxb7 Qxb7 19. Qd4 Qc7 20. Ne4
$14) 18. Nxe4 f5 (18... Nd3 19. Qxg7) 19. Ng5 Qe7 (19... Nd3 20. Nxe6 $18 (20.
Nxe6 Qe7 21. Qxg7 $18)) 20. Qd4 $1 (20. f4 $2 Nd3 $17) 20... Qxg5 21. f4 Qf6
22. fxe5 Qxe5 23. Qxb6 O-O 24. Qd4 $10 (24. Rcd1 $14 {Kanstler,B})) (17. Bb1
O-O $13) 17... O-O $13) (16... O-O {Kanstler,B} 17. Be4 $13) 17. Be2 {[/\18.
Bf3]} O-O 18. Bf3 Rac8 19. h3 Qb8 20. Qd4 Bxf3 21. Nxf3 Rc6 {Rfc8-b5} 22. e4 {
e5} Rfc8 (22... e5 $5 23. Qd3 (23. Qe3 {Kanstler,B} Rfc8 {b5~~}) 23... Rfc8
$132 {(/\24...b5)}) 23. e5 Nd7 (23... dxe5 $6 {Kanstler,B} 24. Nxe5 $14) 24.
exd6 Rxd6 (24... Qxd6 $6 {Kanstler,B} 25. Rfd1 $14) 25. Qe3 Nc5 26. Rfd1 (26.
b4 Nd3 $132) 26... a5 (26... Rcd8 $6 {Kanstler,B} 27. Rxd6 Rxd6 28. b4 $14) 27.
Rd4 (27. a3 a4 $5 28. b4 Nb3 $132 29. Rxd6 Qxd6 30. Rc3 Qd1+ 31. Kh2 Qd6+ $10 (
31... Qa1 32. Rd3 Qxa3 33. Qxb6 $36)) 27... Rxd4 (27... Rcd8 {Kanstler,B} 28.
Rcd1 $14) 28. Nxd4 Qb7 29. Rd1 Rd8 30. Rd2 h6 (30... Qe4 $6 31. Nf5 $1 $36 Rxd2
$2 32. Qg3 $3 $18) (30... Ne4 $5 {Kanstler,B}) 31. Nb5 Rd7 (31... Rxd2 32. Qxd2
Qd7 33. Qf4 $14) 32. Rd4 (32. Rxd7 $5 {Kanstler,B} Qxd7 33. Qf4 $14) 32... Kf8
33. Qe5 Rxd4 34. Qxd4 Qd7 35. Qe5 (35. Qf4 $32 {Kanstler,B} Qd8 36. Nd6 $14)
35... Qd8 36. Nd4 {[/\37.Nc6]} Nd3 $5 37. Qe3 {[#]} Kg8 $1 $10 (37... e5 $2 {
Kanstler,B} 38. Nc6 $18) (37... Nc5 $6 {Kanstler,B} 38. a3 {b4+/=}) 38. Qxd3 (
38. Nc6 Qc7 39. Qxd3 (39. Nxa5 $2 {Kanstler,B} Nb4 40. a3 Na6 $19) 39... Qxc6
$10) 38... e5 39. Kf1 exd4 40. Qe4 {[/\Kf1-e2-d3] Ke2-Kd3+/-} (40. Ke2 Qe7+ 41.
Kd1 Qf6 $10) 40... d3 $1 41. Ke1 d2+ 42. Kd1 Qf6 $10 {Qf2,Qa1} 43. Qe8+ Kh7 44.
Qe3 Qa1+ 45. Kxd2 Qxa2+ 46. Kc3 Qa1+ 47. Kc2 a4 48. bxa4 (48. Qxb6 $2 {
Kanstler,B} a3 $19) 48... Qxa4+ 49. Kc3 Qa3+ 50. Kd4 Qd6+ 51. Kc3 g6 52. Qd4
Qa3+ 53. Kd2 Qa5+ 54. Ke3 h5 55. h4 Qe1+ 56. Kf3 Qe6 1/2-1/2